| 000 | 01059nam a2200229Ia 4500 | ||
|---|---|---|---|
| 008 | 220216s9999 xx 000 0 und d | ||
| 100 | _aZhuoyong Hu | ||
| 245 | 0 | _aStudies on ecological environment of rubber plantations with high yield in Xishuangbanna | |
| 260 | _bProceedings of IRRDB Conference: NR Industry: Responding to Globalization, 7-8 September 2004, Kunming International Convention & Exhibition Center, China. pp.161-170. | ||
| 520 | _aThe average rubber yield per hectate or per tree is the highest within China. Analysis on ecological environment showed that there are some main factors affecting rubber yield, one is the high level of soil nutrition and another is the favourable climatic condition in favor of latex synthesis and outflow. | ||
| 650 | _aEcological environment | ||
| 650 | _aHigh yield | ||
| 650 | _aRubber plantation | ||
| 650 | _aXishuangbanna | ||
| 700 | _aHongpei Lin | ||
| 700 | _aRuZhang | ||
| 700 | _aXiaodong Zhu | ||
| 700 | _aYue Zhang | ||
| 700 | _aZhili He | ||
| 700 | _aZuozhou Zhang | ||
| 942 | _cJS | ||
| 999 |
_c69578 _d69578 |
||